00887cam a22002415a 450000500170000000800410001702000180005804000130007608200140008910000180010324500590012126000470018030000250022750400510025265000310030365000240033465000330035865100410039170000190043294200120045199900170046395201650048020170105102341.0111006s2011 pk b 001 0 eng  a9780199063154 aDLCcDLC 2355.95491 4Khan, Zulfqar00aNuclear Pakistan: strategic dimensions cZulfqar Khan. aKarachi :bOxford University Press,c2011. axx, 275 p .;c22 cm. aIncludes bibliographical references and index. 0aNuclear weaponszPakistan. 0aPakistanxDefenses. 0aNational securityzPakistan. 0aSouth AsiaxPolitics and government.1 aKhan, Zulfqar. 2ddccBK c11510d11510 00102ddc3CSS Corner Book4070aCLbCLcCSSd2013-01-07eAllied Book Companyg536.50o355.95491 KHApSEECS011839r2025-06-13w2013-01-11yCSSzCSS Corner Book